000 01181nam a2200289 a 4500
001 BRL_130
005 20190320210613.0
008 171012s1980----mx-a######---#000-0#spa-#
041 _aspa
044 _amx
050 4 _aF1391.G9
_b.V55 1980
100 1 _aVilla Gordoa, José
_922989
245 1 0 _aGuía y álbum de Guadalajara para los viajeros
_cpor el Licenciado José Villa Gordoa ; introducción por José Rogelio Alvarez ; coordinador de la edición Lic. Fernando Martínez Reding.
260 _aMéxico
_bEnciclopedia de México
_c1980
300 _a1 v. (en varias paginaciones)
_bil.
_c23 cm.
500 _aFacsímil de: Guía y albúm de Guadalajara para los viajeros, 1888
500 _aIncluye facsímil del folleto: Fiestas inaugurales del ferrocarril a Guadalajara, 1888
500 _aAu134
651 4 _aGuadalajara (Jalisco)
_xDescripción y viajes
_922990
651 4 _aGuadalajara (Jalisco)
_xDirectorios
_922991
700 1 _aAlvarez, José Rogelio
_922992
700 1 _aMartínez Reding, Fernando
_ecoord.
_922993
700 1 _aCaballero, Manuel
_922994
740 0 _aFiestas inaugurales del ferrocarril a Guadalajara
902 _aGRL
942 _2lcc
_cB
999 _c8943
_d8943